000 00343pab a2200145 454500
008 180718b1990 xxu||||| |||| 00| 0 eng d
100 _aMonhindra, G.
245 _aTrade union situation in Asia
260 _c1990
300 _a33-9
362 _a20 & 27 Aug.
650 _aLabour Unions - Asia
773 _aIndian Worker
909 _a12284
999 _c12284
_d12284